00654 2200241 4500001002100000005001500021035002000036007000300056008004100059020002200100082001100122084001700133100002400150245007000174250001000244260003900254300002300293500002700316650002400343700002300367990001100390990001100401INLIS00000000000341420190517100558 a0010-0519000006ta190517 g 0 ind  a978-979-25-4592-0 a332.03 a332.03 TRI k0 aTRIKALOKA, H. Putri1 aKamus Perbankan /cTrikaloka H. Putri; editor, Meitashandrashanty acet.1 aJogjakarta :bMitra Pelajar,c2017 a351 hlm. ;c20 cm. aDaftar mata uang dunia 4aBANK. KAMUS ISTILAH0 aMEITASHANDRASHANTY a6606 a a6606 b